000 00311 a2200121 4500
000 nam a22 7a 4500
005 20260105184118.0
020 _a9789332550339
100 _aOppenheim, Alan V.; Schafer, Ronald W.
_9862007
245 _aDigital Signal Processing
260 _bPearson
_c2025
942 _cTEXL
999 _c1466949
_d1466949